[Event "NB II. Barcza csoport"]
[Site "Debrecen"]
[Date "2024.03.10"]
[Round "6.10"]
[White "Gajdacs, Jonathan"]
[Black "Turcsanyi, Vendel Tamas"]
[Result "1/2-1/2"]
[WhiteElo "1663"]
[BlackElo "1551"]
[PlyCount "37"]
[EventDate "2023.10.08"]
[EventType "team-tourn"]
[EventRounds "9"]
[EventCountry "HUN"]
[Source "chess.hu"]
[WhiteTeam "DEAC-Debr.Sakkiskola"]
[BlackTeam "DVTK II."]
[WhiteTeamCountry "HUN"]
[BlackTeamCountry "HUN"]

1. d4 d5 2. c4 e6 3. Nc3 Nf6 4. Nf3 Be7 5. Bf4 O-O 6. e3 b6 7. cxd5 exd5 8. Bd3
Bb7 9. O-O Nbd7 10. Rc1 c5 11. a3 Rc8 12. Qa4 Bc6 13. Bb5 Bxb5 14. Nxb5 a5 15.
Rc2 Ne4 16. Na7 Ra8 17. Nc6 Qe8 18. Nxe7+ Qxe7 19. Ne5 1/2-1/2

[Event "NB II. Barcza csoport"]
[Site "Debrecen"]
[Date "2024.03.10"]
[Round "6.11"]
[White "Kovacs, Mate"]
[Black "Orenstein, Mark"]
[Result "0-1"]
[WhiteElo "1617"]
[BlackElo "1629"]
[PlyCount "66"]
[EventDate "2023.10.08"]
[EventType "team-tourn"]
[EventRounds "9"]
[EventCountry "HUN"]
[Source "chess.hu"]
[WhiteTeam "DVTK II."]
[BlackTeam "DEAC-Debr.Sakkiskola"]
[WhiteTeamCountry "HUN"]
[BlackTeamCountry "HUN"]

1. d4 d5 2. c4 e6 3. a3 Nf6 4. Bf4 Bd6 5. Bg3 Ne4 6. Nc3 Nxg3 7. hxg3 c6 8. e3
Nd7 9. cxd5 cxd5 10. Rc1 a6 11. Bd3 h6 12. Nf3 Nf6 13. e4 dxe4 14. Nxe4 Nxe4
15. Bxe4 Rb8 16. g4 Bd7 17. g5 Bf4 18. Rc3 Bxg5 19. Ne5 Bf6 20. Rg3 Bxe5 21.
dxe5 Qa5+ 22. b4 Qxe5 23. Re3 Qc7 24. Re2 Qc3+ 25. Rd2 Bc6 26. Bxc6+ Qxc6 27.
f3 O-O 28. Rc2 Qd5 29. Qc1 Rfd8 30. Kf2 Qd7 31. Rxh6 gxh6 32. Qxh6 Qd4+ 33. Kg3
Qg7+ 0-1

[Event "NB II. Barcza csoport"]
[Site "Debrecen"]
[Date "2024.03.10"]
[Round "6.12"]
[White "Petnehazi, Peter"]
[Black "Torok, Balazs"]
[Result "1-0"]
[WhiteElo "1579"]
[BlackElo "1531"]
[PlyCount "55"]
[EventDate "2023.10.08"]
[EventType "team-tourn"]
[EventRounds "9"]
[EventCountry "HUN"]
[Source "chess.hu"]
[WhiteTeam "DEAC-Debr.Sakkiskola"]
[BlackTeam "DVTK II."]
[WhiteTeamCountry "HUN"]
[BlackTeamCountry "HUN"]

1. d4 Nf6 2. c4 d5 3. Nc3 c6 4. Nf3 Bf5 5. g3 e6 6. Bg2 Nbd7 7. Bf4 Be7 8. Rc1
O-O 9. Nh4 Bg6 10. Nxg6 fxg6 11. Bh3 Kf7 12. e3 Nh5 13. Qg4 Nxf4 14. exf4 Ke8
15. Qxe6 Rf6 16. Qe2 Kf7 17. O-O Rc8 18. cxd5 Rd6 19. dxc6 Rcxc6 20. d5 Rc8 21.
Be6+ Kf8 22. Ne4 Rb6 23. Rxc8 Qxc8 24. Ng5 Bxg5 25. fxg5 Qe8 26. Re1 Nc5 27.
Qf3+ Ke7 28. Bg4+ 1-0

[Event "NB II. Barcza csoport"]
[Site "Nyiregyhaza"]
[Date "2024.03.10"]
[Round "6.1"]
[White "Gal, Jozsef Istvan"]
[Black "Kiss, Mate Jozsef"]
[Result "1/2-1/2"]
[WhiteElo "2249"]
[BlackElo "2143"]
[PlyCount "82"]
[EventDate "2023.10.08"]
[EventType "team-tourn"]
[EventRounds "9"]
[EventCountry "HUN"]
[Source "chess.hu"]
[WhiteTeam "Hajduboszormenyi SE"]
[BlackTeam "NYESE"]
[WhiteTeamCountry "HUN"]
[BlackTeamCountry "HUN"]

1. e4 c5 2. Nf3 Nc6 3. d4 cxd4 4. Nxd4 Nf6 5. Nc3 e6 6. Be3 Bb4 7. Nxc6 bxc6 8.
e5 Nd5 9. Bd2 Qc7 10. Nxd5 Bxd2+ 11. Qxd2 cxd5 12. f4 O-O 13. O-O-O a5 14. h4
a4 15. Rh3 a3 16. Rxa3 Rxa3 17. bxa3 Bb7 18. Qd4 Rc8 19. Bd3 Ba6 20. Qa4 Bxd3
21. Rxd3 Qc5 22. g3 h5 23. Qb3 Qg1+ 24. Kb2 Qa7 25. Kc1 Rc4 26. Kb2 g6 27. Kc1
Qg1+ 28. Rd1 Qc5 29. Rd3 Kg7 30. Kb2 Qa7 31. Kc1 Qg1+ 32. Rd1 Qc5 33. Rd3 Qa7
34. Kb2 Rc6 35. Kc1 Qc5 36. Qa4 Qf2 37. Qb3 Qg1+ 38. Rd1 Qc5 39. Rd3 Qg1+ 40.
Rd1 Qc5 41. Rd3 Qg1+ 1/2-1/2

[Event "NB II. Barcza csoport"]
[Site "Nyiregyhaza"]
[Date "2024.03.10"]
[Round "6.2"]
[White "Coroian, Sebastian-Dumitru"]
[Black "Leviczky, Tibor"]
[Result "0-1"]
[WhiteElo "2118"]
[BlackElo "2280"]
[PlyCount "76"]
[EventDate "2023.10.08"]
[EventType "team-tourn"]
[EventRounds "9"]
[EventCountry "HUN"]
[Source "chess.hu"]
[WhiteTeam "NYESE"]
[BlackTeam "Hajduboszormenyi SE"]
[WhiteTeamCountry "HUN"]
[BlackTeamCountry "HUN"]

1. d4 Nf6 2. Bf4 e6 3. e3 b6 4. Qf3 Nc6 5. Nc3 Bb7 6. O-O-O Bb4 7. Nge2 O-O 8.
e4 d5 9. e5 Ne8 10. a3 Be7 11. Qg4 Ba6 12. Ng3 Bxf1 13. Rhxf1 Kh8 14. Rd3 Qd7
15. Nh5 f5 16. exf6 Bxf6 17. Bg3 Ne7 18. Re1 Nf5 19. Be5 Bxe5 20. Rxe5 Nf6 21.
Nxf6 gxf6 22. Re1 Rae8 23. Qh5 c5 24. dxc5 bxc5 25. g4 Nd4 26. f4 Re7 27. Ne2
Nc6 28. Qh6 Rg7 29. Ng3 Qf7 30. Qh4 Nd4 31. Nh5 Rg6 32. c3 Nb3+ 33. Kb1 c4 34.
Rde3 Nd2+ 35. Ka2 Ne4 36. f5 exf5 37. gxf5 Rh6 38. Rh3 Rg8 0-1

[Event "NB II. Barcza csoport"]
[Site "Nyiregyhaza"]
[Date "2024.03.10"]
[Round "6.3"]
[White "Toth, Tamas"]
[Black "Lazin, Robert-Tamas"]
[Result "1/2-1/2"]
[WhiteElo "2212"]
[BlackElo "2074"]
[PlyCount "38"]
[EventDate "2023.10.08"]
[EventType "team-tourn"]
[EventRounds "9"]
[EventCountry "HUN"]
[Source "chess.hu"]
[WhiteTeam "Hajduboszormenyi SE"]
[BlackTeam "NYESE"]
[WhiteTeamCountry "HUN"]
[BlackTeamCountry "HUN"]

1. e4 c6 2. d4 d5 3. e5 c5 4. dxc5 Nc6 5. Nf3 Bg4 6. c3 e6 7. Be3 Bxf3 8. Qxf3
Nxe5 9. Bb5+ Nc6 10. c4 Nf6 11. Nc3 a6 12. cxd5 Nxd5 13. Nxd5 Qxd5 14. Bxc6+
bxc6 15. Qg3 Bxc5 16. Qxg7 Bb4+ 17. Kf1 O-O-O 18. Qg4 Ba5 19. Qe2 Kb7 1/2-1/2

[Event "NB II. Barcza csoport"]
[Site "Nyiregyhaza"]
[Date "2024.03.10"]
[Round "6.4"]
[White "Gorombei, Balint"]
[Black "Ballai, Zsolt"]
[Result "1/2-1/2"]
[WhiteElo "1986"]
[BlackElo "2217"]
[PlyCount "66"]
[EventDate "2023.10.08"]
[EventType "team-tourn"]
[EventRounds "9"]
[EventCountry "HUN"]
[Source "chess.hu"]
[WhiteTeam "NYESE"]
[BlackTeam "Hajduboszormenyi SE"]
[WhiteTeamCountry "HUN"]
[BlackTeamCountry "HUN"]

1. e4 c5 2. Nf3 d6 3. d4 cxd4 4. Nxd4 Nf6 5. Nc3 a6 6. Bg5 e6 7. f4 Be7 8. Qf3
h6 9. Bh4 g5 10. fxg5 Nfd7 11. Be2 Ne5 12. Qf2 hxg5 13. Bg3 Nbd7 14. Rf1 Rh7
15. O-O-O Qc7 16. Kb1 Nb6 17. Nf3 Nbc4 18. Nxe5 Nxe5 19. Bxe5 dxe5 20. Bh5 Bc5
21. Qf6 Qe7 22. g4 Qxf6 23. Rxf6 b5 24. Ne2 Ra7 25. Ng1 Bxg1 26. Rxg1 Re7 27.
Rd1 Rc7 28. c3 Kf8 29. Rdf1 Kg8 30. Kc2 Rd7 31. Kb3 Bb7 32. Re1 Kg7 33. Rff1
Kg8 1/2-1/2

[Event "NB II. Barcza csoport"]
[Site "Nyiregyhaza"]
[Date "2024.03.10"]
[Round "6.5"]
[White "Miklosi, Attila"]
[Black "Gocza, Adam"]
[Result "1/2-1/2"]
[WhiteElo "2061"]
[BlackElo "2018"]
[PlyCount "62"]
[EventDate "2023.10.08"]
[EventType "team-tourn"]
[EventRounds "9"]
[EventCountry "HUN"]
[Source "chess.hu"]
[WhiteTeam "Hajduboszormenyi SE"]
[BlackTeam "NYESE"]
[WhiteTeamCountry "HUN"]
[BlackTeamCountry "HUN"]

1. d4 d5 2. Nf3 Nf6 3. Bf4 c5 4. e3 Nc6 5. Be2 Qb6 6. b3 cxd4 7. exd4 Bf5 8. a3
h6 9. O-O g5 10. Be3 Bg7 11. c4 O-O 12. Nc3 Qd8 13. h4 g4 14. Ne5 Nxe5 15. dxe5
Nd7 16. Bxg4 Bxg4 17. Qxg4 Nxe5 18. Qg3 Ng6 19. Nxd5 e6 20. Nf4 Nxh4 21. Nh5
Nf5 22. Qg4 Qh4 23. Qxh4 Nxh4 24. Nxg7 Kxg7 25. Rad1 Nf5 26. Rd7 b6 27. Rfd1
Kf6 28. Bc1 e5 29. Bb2 Ke6 30. R1d5 f6 31. f3 Rf7 1/2-1/2

[Event "NB II. Barcza csoport"]
[Site "Nyiregyhaza"]
[Date "2024.03.10"]
[Round "6.6"]
[White "Orso, Janos"]
[Black "Toth, Janos"]
[Result "1/2-1/2"]
[WhiteElo "1974"]
[BlackElo "2043"]
[PlyCount "24"]
[EventDate "2023.10.08"]
[EventType "team-tourn"]
[EventRounds "9"]
[EventCountry "HUN"]
[Source "chess.hu"]
[WhiteTeam "NYESE"]
[BlackTeam "Hajduboszormenyi SE"]
[WhiteTeamCountry "HUN"]
[BlackTeamCountry "HUN"]

1. d4 Nf6 2. c4 e6 3. Nf3 d5 4. Bg5 Be7 5. e3 O-O 6. Nc3 Nbd7 7. Rc1 c6 8. Bd3
dxc4 9. Bxc4 Nd5 10. Bxe7 Qxe7 11. O-O Nxc3 12. Rxc3 b5 1/2-1/2

[Event "NB II. Barcza csoport"]
[Site "Nyiregyhaza"]
[Date "2024.03.10"]
[Round "6.7"]
[White "Kovacs, Marton"]
[Black "Bekesi, Janos"]
[Result "1/2-1/2"]
[WhiteElo "2120"]
[BlackElo "1945"]
[PlyCount "41"]
[EventDate "2023.10.08"]
[EventType "team-tourn"]
[EventRounds "9"]
[EventCountry "HUN"]
[Source "chess.hu"]
[WhiteTeam "Hajduboszormenyi SE"]
[BlackTeam "NYESE"]
[WhiteTeamCountry "HUN"]
[BlackTeamCountry "HUN"]

1. d4 d5 2. c4 e6 3. Nc3 Nf6 4. Nf3 Be7 5. e3 O-O 6. Qc2 a6 7. b3 Nbd7 8. Bb2
c6 9. Bd3 Bd6 10. Ne2 Bb4+ 11. Kf1 Bd6 12. Ne5 Qc7 13. Nxd7 Bxd7 14. c5 Be7 15.
f3 b6 16. g4 g6 17. h4 bxc5 18. dxc5 e5 19. g5 Nh5 20. Kg2 Rfe8 21. f4 1/2-1/2

[Event "NB II. Barcza csoport"]
[Site "Nyiregyhaza"]
[Date "2024.03.10"]
[Round "6.9"]
[White "Venter, Mate"]
[Black "Zelei, Imre"]
[Result "0-1"]
[WhiteElo "1837"]
[BlackElo "1927"]
[PlyCount "78"]
[EventDate "2023.10.08"]
[EventType "team-tourn"]
[EventRounds "9"]
[EventCountry "HUN"]
[Source "chess.hu"]
[WhiteTeam "Hajduboszormenyi SE"]
[BlackTeam "NYESE"]
[WhiteTeamCountry "HUN"]
[BlackTeamCountry "HUN"]

1. d4 Nf6 2. c4 e6 3. Nc3 d5 4. e3 Be7 5. cxd5 exd5 6. Bd3 O-O 7. Nf3 Re8 8.
O-O Bg4 9. h3 Bh5 10. Bd2 Nbd7 11. Rc1 c6 12. Re1 Bd6 13. e4 dxe4 14. Nxe4 Nxe4
15. Rxe4 Rxe4 16. Bxe4 Nf6 17. Bg5 h6 18. Bxf6 Qxf6 19. g4 Re8 20. Qd3 Qf4 21.
Re1 Bg6 22. Bxg6 Rxe1+ 23. Nxe1 fxg6 24. a3 Kh7 25. Kg2 Qh2+ 26. Kf1 Qf4 27.
Ke2 Be7 28. Nf3 Qc1 29. b4 Bf6 30. Ne1 Qb2+ 31. Ke3 Qc1+ 32. Ke2 Qb2+ 33. Ke3
Bg5+ 34. Kf3 Bh4 35. Nc2 Qb1 36. Ke2 Qb2 37. Kf3 Qa2 38. Ke2 a6 39. Kf3 Qf7+
0-1

[Event "NB II. Barcza csoport"]
[Site "Nyiregyhaza"]
[Date "2024.03.10"]
[Round "6.10"]
[White "Palkovics, Balazs"]
[Black "Toth, Gergely"]
[Result "1/2-1/2"]
[WhiteElo "1905"]
[BlackElo "1750"]
[PlyCount "97"]
[EventDate "2023.10.08"]
[EventType "team-tourn"]
[EventRounds "9"]
[EventCountry "HUN"]
[Source "chess.hu"]
[WhiteTeam "NYESE"]
[BlackTeam "Hajduboszormenyi SE"]
[WhiteTeamCountry "HUN"]
[BlackTeamCountry "HUN"]

1. e4 c5 2. Nc3 e6 3. Nge2 Nc6 4. g3 g6 5. d4 cxd4 6. Nxd4 Bg7 7. Be3 a6 8. Bg2
Nge7 9. O-O O-O 10. Re1 Qc7 11. f4 d6 12. Qd2 Rd8 13. Rad1 Bd7 14. Nb3 Nc8 15.
Qf2 b5 16. a3 Rb8 17. h3 N8e7 18. Rd2 Bc8 19. Red1 f5 20. g4 Kh8 21. Nd4 Na5
22. Bf1 Nec6 23. exf5 exf5 24. Nxc6 Nxc6 25. Nd5 Qf7 26. g5 Be6 27. c3 Ne7 28.
Bg2 Bxd5 29. Bxd5 Nxd5 30. Rxd5 Qc7 31. Qd2 Bf8 32. Bd4+ Kg8 33. Be5 Rb6 34.
Bf6 Re8 35. Bd4 Rc6 36. Re1 Qd7 37. Kf2 Qf7 38. Bf6 Rcc8 39. Rd4 Rxe1 40. Qxe1
Re8 41. Qh1 Qe6 42. Qd5 Qxd5 43. Rxd5 Re4 44. Rd4 Rxd4 45. cxd4 d5 46. Ke3 Kf7
47. Kd3 Ke8 48. Kc3 Kd7 49. Be5 1/2-1/2

[Event "NB II. Barcza csoport"]
[Site "Nyiregyhaza"]
[Date "2024.03.10"]
[Round "6.11"]
[White "Tar, Zsombor Jozsef"]
[Black "Laskai, Gabor"]
[Result "0-1"]
[WhiteElo "1794"]
[BlackElo "1816"]
[PlyCount "106"]
[EventDate "2023.10.08"]
[EventType "team-tourn"]
[EventRounds "9"]
[EventCountry "HUN"]
[Source "chess.hu"]
[WhiteTeam "Hajduboszormenyi SE"]
[BlackTeam "NYESE"]
[WhiteTeamCountry "HUN"]
[BlackTeamCountry "HUN"]

1. d4 d5 2. c4 e6 3. Nc3 Ne7 4. Nf3 a6 5. e3 dxc4 6. a4 g6 7. Bxc4 Bg7 8. O-O
O-O 9. e4 h6 10. Re1 Nd7 11. Be3 Nb6 12. Bb3 a5 13. Qd2 c6 14. Bxh6 Kh7 15.
Ng5+ Kg8 16. Bxg7 Kxg7 17. Rad1 Qc7 18. e5 Nbd5 19. Nce4 b6 20. Qd3 Ba6 21. Qf3
Qd8 22. Nd6 Nf5 23. Ndxf7 Qe7 24. Qh3 Rh8 25. Qf3 Rh5 26. Bxd5 cxd5 27. Qf4 Rh4
28. g4 Rf8 29. Qf3 Rxf7 30. Nxf7 Kxf7 31. gxf5 Qg5+ 32. Kh1 gxf5 33. Rg1 Qh6
34. Rg2 Rh3 35. Rg3 Rxh2+ 36. Kg1 Be2 37. Qxe2 f4 38. Qf3 Ke7 39. Rg4 Rh3 40.
Qg2 f3 41. Rg7+ Kf8 42. Rg8+ Kf7 43. Qg7+ Qxg7+ 44. Rxg7+ Kxg7 45. Rc1 Rh4 46.
Rc6 Kf7 47. Rxb6 Rxd4 48. Rb3 Rxa4 49. Rxf3+ Ke7 50. Ra3 Rxa3 51. bxa3 Kf7 52.
f4 Kg6 53. Kf2 Kf5 0-1

[Event "NB II. Barcza csoport"]
[Site "Nyiregyhaza"]
[Date "2024.03.10"]
[Round "6.12"]
[White "Simon, Ors Attila"]
[Black "Henczel, Donat"]
[Result "0-1"]
[WhiteElo "1830"]
[BlackElo "1735"]
[PlyCount "56"]
[EventDate "2023.10.08"]
[EventType "team-tourn"]
[EventRounds "9"]
[EventCountry "HUN"]
[Source "chess.hu"]
[WhiteTeam "NYESE"]
[BlackTeam "Hajduboszormenyi SE"]
[WhiteTeamCountry "HUN"]
[BlackTeamCountry "HUN"]

1. e4 c5 2. c4 e6 3. Nc3 Nc6 4. d3 d6 5. Nf3 Nf6 6. Be2 Be7 7. O-O O-O 8. Bg5
a6 9. a3 Ne8 10. Bxe7 Qxe7 11. Rb1 Qf6 12. Qd2 Nc7 13. Rfd1 e5 14. Nd5 Nxd5 15.
cxd5 Nd4 16. Nxd4 exd4 17. b4 b6 18. bxc5 bxc5 19. Rb6 Bd7 20. Qa5 Qd8 21. Rdb1
Bb5 22. a4 Rb8 23. Rxa6 Bxa6 24. Qxa6 Rxb1+ 25. Bf1 Qb6 26. Qc4 Qb4 27. Qxb4
cxb4 28. a5 Ra8 0-1

[Event "NB II. Barcza csoport"]
[Site "Miskolc"]
[Date "2024.04.07"]
[Round "7.1"]
[White "Lazin, Robert-Tamas"]
[Black "Kemendi, Daniel"]
[Result "1-0"]
[WhiteElo "2078"]
[BlackElo "1947"]
[PlyCount "79"]
[EventDate "2023.10.08"]
[EventType "team-tourn"]
[EventRounds "9"]
[EventCountry "HUN"]
[Source "chess.hu"]
[WhiteTeam "NYESE"]
[BlackTeam "DVTK II."]
[WhiteTeamCountry "HUN"]
[BlackTeamCountry "HUN"]

1. e4 e5 2. Nf3 Nf6 3. Nxe5 d6 4. Nf3 Nxe4 5. Qe2 Qe7 6. d3 Nf6 7. Nc3 c6 8.
Bg5 Qxe2+ 9. Bxe2 Be7 10. h3 Na6 11. O-O-O Be6 12. Rde1 Nc7 13. Bd1 h6 14. Bd2
c5 15. g4 Kd7 16. a4 a6 17. a5 b5 18. axb6 Ncd5 19. g5 Ne8 20. gxh6 gxh6 21.
Na4 Rb8 22. c4 Nb4 23. Bxb4 cxb4 24. Nd4 Bg5+ 25. Kb1 Ng7 26. Bf3 Rhc8 27. b7
Rc7 28. Nb6+ Kd8 29. h4 Bf6 30. Nc6+ Rxc6 31. Bxc6 Bd4 32. Nd5 a5 33. Nf4 Bxf2
34. Ref1 Bd4 35. Nxe6+ fxe6 36. Rf7 Nf5 37. Rd7+ Ke8 38. Re1 e5 39. Rh7+ Kd8
40. Rf1 1-0

[Event "NB II. Barcza csoport"]
[Site "Miskolc"]
[Date "2024.04.07"]
[Round "7.2"]
[White "Nadasi, Endre"]
[Black "Gorombei, Balint"]
[Result "0-1"]
[WhiteElo "1952"]
[BlackElo "1992"]
[PlyCount "46"]
[EventDate "2023.10.08"]
[EventType "team-tourn"]
[EventRounds "9"]
[EventCountry "HUN"]
[Source "chess.hu"]
[WhiteTeam "DVTK II."]
[BlackTeam "NYESE"]
[WhiteTeamCountry "HUN"]
[BlackTeamCountry "HUN"]

1. c4 Nf6 2. Nc3 g6 3. g3 Bg7 4. Bg2 O-O 5. Nf3 d6 6. O-O e5 7. d3 Nc6 8. Rb1
Nd7 9. b4 h6 10. b5 Ne7 11. a4 f5 12. Qc2 g5 13. Bb2 Nf6 14. Rbd1 Ng6 15. d4 e4
16. Nd2 c6 17. d5 c5 18. f3 e3 19. Nb3 Qe8 20. f4 gxf4 21. gxf4 Nh5 22. Rf3 Nh4
23. Rff1 Qg6 0-1

[Event "NB II. Barcza csoport"]
[Site "Miskolc"]
[Date "2024.04.07"]
[Round "7.3"]
[White "Gocza, Adam"]
[Black "Matyas, Imre Dr"]
[Result "1-0"]
[WhiteElo "2019"]
[BlackElo "1865"]
[PlyCount "73"]
[EventDate "2023.10.08"]
[EventType "team-tourn"]
[EventRounds "9"]
[EventCountry "HUN"]
[Source "chess.hu"]
[WhiteTeam "NYESE"]
[BlackTeam "DVTK II."]
[WhiteTeamCountry "HUN"]
[BlackTeamCountry "HUN"]

1. e4 e5 2. Nf3 Nc6 3. d4 exd4 4. Bc4 d6 5. Nxd4 Bd7 6. O-O Be7 7. Nc3 Nf6 8.
h3 O-O 9. f4 Nxd4 10. Qxd4 Bc6 11. Be2 Nd7 12. Nd5 Bf6 13. Qc4 a6 14. a4 Nc5
15. e5 Bxd5 16. Qxd5 Be7 17. b4 c6 18. Qd2 Ne4 19. Qe3 d5 20. Ba3 f6 21. c4
fxe5 22. cxd5 cxd5 23. fxe5 Qc7 24. Qd4 Rxf1+ 25. Bxf1 Rd8 26. Bd3 Qc3 27. Qxc3
Nxc3 28. b5 Bxa3 29. Rxa3 d4 30. bxa6 bxa6 31. Bxa6 Ra8 32. Bc4+ Kf8 33. a5 Ke7
34. a6 Ra7 35. Rb3 Kd8 36. e6 Na4 37. Rb7 1-0

[Event "NB II. Barcza csoport"]
[Site "Miskolc"]
[Date "2024.04.07"]
[Round "7.4"]
[White "Laszlo, Zoltan"]
[Black "Orso, Janos"]
[Result "1-0"]
[WhiteElo "1863"]
[BlackElo "1990"]
[PlyCount "55"]
[EventDate "2023.10.08"]
[EventType "team-tourn"]
[EventRounds "9"]
[EventCountry "HUN"]
[Source "chess.hu"]
[WhiteTeam "DVTK II."]
[BlackTeam "NYESE"]
[WhiteTeamCountry "HUN"]
[BlackTeamCountry "HUN"]

1. Nf3 Nf6 2. d4 g6 3. c4 Bg7 4. Nc3 d5 5. e3 O-O 6. Bd3 Bg4 7. O-O c6 8. h3
Bxf3 9. Qxf3 dxc4 10. Bxc4 Nbd7 11. Rd1 Nb6 12. Bb3 Qc7 13. e4 Rad8 14. Bf4 Qc8
15. Rac1 e6 16. Bg5 Nh5 17. Bxd8 Qxd8 18. d5 cxd5 19. exd5 e5 20. d6 Qd7 21.
Ne4 Nf4 22. Rc7 Qb5 23. Nc3 Qa5 24. Qxb7 e4 25. Rxf7 Kh8 26. Rxf8+ Bxf8 27. Qf7
Qf5 28. Qg8# 1-0

[Event "NB II. Barcza csoport"]
[Site "Miskolc"]
[Date "2024.04.07"]
[Round "7.5"]
[White "Bekesi, Janos"]
[Black "Lorincz, Otto"]
[Result "1-0"]
[WhiteElo "1926"]
[BlackElo "1899"]
[PlyCount "93"]
[EventDate "2023.10.08"]
[EventType "team-tourn"]
[EventRounds "9"]
[EventCountry "HUN"]
[Source "chess.hu"]
[WhiteTeam "NYESE"]
[BlackTeam "DVTK II."]
[WhiteTeamCountry "HUN"]
[BlackTeamCountry "HUN"]

1. d4 Nf6 2. Nf3 d6 3. g3 g6 4. Bg2 Bg7 5. O-O O-O 6. c4 Nbd7 7. Nc3 Rb8 8. e4
e5 9. dxe5 dxe5 10. Be3 a6 11. h3 b6 12. Qc2 c6 13. Rfd1 Qc7 14. Rd2 Re8 15.
Rad1 Bf8 16. a3 Bc5 17. Bg5 Kg7 18. Na4 Bf8 19. Be3 Bb7 20. b4 c5 21. bxc5 Bxe4
22. cxb6 Qb7 23. Qc3 Qc6 24. Qb3 Kg8 25. Ne1 Bxg2 26. Nxg2 Rec8 27. Rc2 Nc5 28.
Nxc5 Bxc5 29. Bxc5 Qxc5 30. b7 Rc7 31. Qf3 Kg7 32. Rb1 e4 33. Qc3 Rbxb7 34.
Rxb7 Rxb7 35. Ne3 Rb1+ 36. Kg2 Qc6 37. Nd5 Rd1 38. g4 Rd3 39. Qb2 g5 40. Qxf6+
Qxf6 41. Nxf6 Kxf6 42. c5 Ke7 43. Re2 Rd4 44. f3 Kd7 45. fxe4 Kc6 46. Rf2 Rxe4
47. Rxf7 {...} 1-0

[Event "NB II. Barcza csoport"]
[Site "Miskolc"]
[Date "2024.04.07"]
[Round "7.6"]
[White "Revai, Akos"]
[Black "Csorsz, Ferenc"]
[Result "0-1"]
[WhiteElo "1764"]
[BlackElo "1961"]
[PlyCount "100"]
[EventDate "2023.10.08"]
[EventType "team-tourn"]
[EventRounds "9"]
[EventCountry "HUN"]
[Source "chess.hu"]
[WhiteTeam "DVTK II."]
[BlackTeam "NYESE"]
[WhiteTeamCountry "HUN"]
[BlackTeamCountry "HUN"]

1. e4 c5 2. Nf3 Nc6 3. Bc4 e6 4. Nc3 a6 5. a4 d6 6. O-O Nf6 7. d3 Be7 8. h3 O-O
9. Bd2 Bd7 10. Re1 Na5 11. b3 Rb8 12. Qe2 Nc6 13. Be3 Nd4 14. Bxd4 cxd4 15.
Nxd4 e5 16. Nf5 Bxf5 17. exf5 d5 18. Qxe5 Bd6 19. Qe2 dxc4 20. dxc4 Bb4 21.
Red1 Qe8 22. Qf3 Qe5 23. Nd5 Nxd5 24. cxd5 Rfe8 25. c4 Qe2 26. Qg3 Qe5 27. Qxe5
Rxe5 28. g4 Re2 29. Rd3 Bc5 30. Rf1 Rbe8 31. d6 Rd8 32. d7 Kf8 33. Rd5 Be7 34.
Rfd1 Bh4 35. R5d2 Rxd2 36. Rxd2 Ke7 37. Kg2 Rxd7 38. Rxd7+ Kxd7 39. f4 Be7 40.
Kf3 Kc6 41. Ke4 Kc5 42. Kd3 Kb4 43. Kc2 h6 44. g5 hxg5 45. fxg5 Bxg5 46. Kb2
Bf6+ 47. Kc2 a5 48. Kd3 Kxb3 49. h4 Bxh4 50. Kd4 Kxa4 0-1

[Event "NB II. Barcza csoport"]
[Site "Miskolc"]
[Date "2024.04.07"]
[Round "7.7"]
[White "Zelei, Imre"]
[Black "Torok, Vilmos"]
[Result "1-0"]
[WhiteElo "1935"]
[BlackElo "1761"]
[PlyCount "41"]
[EventDate "2023.10.08"]
[EventType "team-tourn"]
[EventRounds "9"]
[EventCountry "HUN"]
[Source "chess.hu"]
[WhiteTeam "NYESE"]
[BlackTeam "DVTK II."]
[WhiteTeamCountry "HUN"]
[BlackTeamCountry "HUN"]

1. e4 e5 2. Nf3 Nc6 3. Bb5 Nf6 4. d3 h6 5. Bxc6 dxc6 6. Nxe5 Bd6 7. Nc4 Be6 8.
Nxd6+ cxd6 9. O-O Qd7 10. Nc3 O-O-O 11. Be3 Kb8 12. Qe1 Ng4 13. Bd4 Rdg8 14. f3
Nf6 15. b4 h5 16. Qf2 Rh6 17. Bxa7+ Kc8 18. Be3 Rh7 19. Bg5 Ne8 20. Na4 Kb8 21.
Qb6 1-0

[Event "NB II. Barcza csoport"]
[Site "Miskolc"]
[Date "2024.04.07"]
[Round "7.8"]
[White "Gyorgy, Balazs"]
[Black "Tumo, Bence"]
[Result "1-0"]
[WhiteElo "1699"]
[BlackElo "1898"]
[PlyCount "45"]
[EventDate "2023.10.08"]
[EventType "team-tourn"]
[EventRounds "9"]
[EventCountry "HUN"]
[Source "chess.hu"]
[WhiteTeam "DVTK II."]
[BlackTeam "NYESE"]
[WhiteTeamCountry "HUN"]
[BlackTeamCountry "HUN"]

1. e4 c5 2. Nf3 g6 3. d4 cxd4 4. Nxd4 Bg7 5. Nc3 Nc6 6. Be3 Nf6 7. f3 d5 8. Bb5
O-O 9. Bxc6 bxc6 10. e5 Ne8 11. Nxc6 Qc7 12. Nxd5 Qb7 13. Ncxe7+ Kh8 14. O-O
Bxe5 15. Bh6 Bg7 16. Bxg7+ Nxg7 17. Nxc8 Raxc8 18. b3 Rfd8 19. c4 Nf5 20. Qe2
Re8 21. Qb2+ f6 22. Qxf6+ Ng7 23. Qh4 1-0

[Event "NB II. Barcza csoport"]
[Site "Miskolc"]
[Date "2024.04.07"]
[Round "7.9"]
[White "Mozsik, Tamas"]
[Black "Turcsanyi, Vendel Tamas"]
[Result "1-0"]
[WhiteElo "1888"]
[BlackElo "1588"]
[PlyCount "81"]
[EventDate "2023.10.08"]
[EventType "team-tourn"]
[EventRounds "9"]
[EventCountry "HUN"]
[Source "chess.hu"]
[WhiteTeam "NYESE"]
[BlackTeam "DVTK II."]
[WhiteTeamCountry "HUN"]
[BlackTeamCountry "HUN"]

1. Nf3 Nf6 2. c4 c5 3. Nc3 Nc6 4. g3 g6 5. Bg2 Bg7 6. O-O d6 7. d4 cxd4 8. Nxd4
Nxd4 9. Qxd4 O-O 10. Bd2 e5 11. Qd3 a6 12. Rad1 Qe7 13. Bg5 Be6 14. Ne4 h6 15.
Nxf6+ Bxf6 16. Bxh6 Rfd8 17. Bc1 Rac8 18. b3 Qd7 19. Rfe1 Kg7 20. Ba3 Be7 21.
Bb2 Bf6 22. Qf3 b5 23. cxb5 axb5 24. Qe3 Rh8 25. f4 Qc7 26. Rc1 Qb8 27. fxe5
dxe5 28. Rf1 Rh5 29. Rxc8 Qxc8 30. Bf3 Bg4 31. Qc3 Qd7 32. Bxg4 Qxg4 33. Qf3
Qg5 34. Bc3 b4 35. Bxb4 e4 36. Qxf6+ Qxf6 37. Bf8+ Kxf8 38. Rxf6 Rc5 39. Kf2
Rc3 40. Rb6 Ke8 41. a4 1-0

[Event "NB II. Barcza csoport"]
[Site "Miskolc"]
[Date "2024.04.07"]
[Round "7.10"]
[White "Kovacs, Mate"]
[Black "Laskai, Gabor"]
[Result "0-1"]
[WhiteElo "1651"]
[BlackElo "1882"]
[PlyCount "88"]
[EventDate "2023.10.08"]
[EventType "team-tourn"]
[EventRounds "9"]
[EventCountry "HUN"]
[Source "chess.hu"]
[WhiteTeam "DVTK II."]
[BlackTeam "NYESE"]
[WhiteTeamCountry "HUN"]
[BlackTeamCountry "HUN"]

1. d4 d5 2. c4 e6 3. Nf3 c6 4. Bf4 Bd6 5. Bg3 Ne7 6. c5 Bc7 7. e3 Nd7 8. Bd3
Ng6 9. a3 O-O 10. Nbd2 Re8 11. O-O e5 12. Bxg6 hxg6 13. dxe5 Nxc5 14. Qc2 Nd7
15. Bh4 f6 16. exf6 Nxf6 17. Qxg6 Be6 18. e4 Bf7 19. Bxf6 Bxg6 20. Bxd8 Raxd8
21. exd5 Rxd5 22. Rfe1 Rxe1+ 23. Rxe1 c5 24. g3 Ba5 25. Re2 Bh5 26. h3 Rxd2 27.
Rxd2 Bxf3 28. Rd3 Bc6 29. Re3 Kf7 30. g4 b6 31. Kh2 Bd2 32. Re2 Bf4+ 33. Kg1 g5
34. Re1 Bf3 35. Kf1 b5 36. Kg1 a5 37. b4 axb4 38. axb4 c4 39. Ra1 c3 40. Ra2
Bd1 41. h4 c2 42. Ra7+ Ke6 43. Ra6+ Kd5 44. Ra1 c1=Q 0-1